000
00326nam a22001457a 4500
008
240318b ||||| |||| 00| 0 eng d
020
_a
0231057520
041
_a
eng
080
_2
1985
_a
101
082
_a
101GRA
100
_a
44
101
_a
FILOZOFI
245
_a
THE EVOLUTIONARY PROCESS
_c
VERNE GRANT
942
_2
udc
_c
BK
999
_c
60601
_d
60601